[Event "Molde Rosecupen A"]
[Site "Molde"]
[Date "2018.06.03"]
[Round "6.2"]
[White "Gaustad, Erlend"]
[Black "Solberg, Joachim Krokvik"]
[Result "0-1"]
[WhiteElo "1882"]
[BlackElo "2265"]
[PlyCount "72"]
[EventDate "2018.06.02"]
[EventType "swiss"]
[EventRounds "6"]
[EventCountry "NOR"]
[SourceTitle "EXT 2024"]
[Source "ChessBase"]
[SourceDate "2023.10.10"]
[SourceVersion "1"]
[SourceVersionDate "2023.10.10"]
[SourceQuality "1"]

1. d4 Nf6 2. Bf4 d5 3. e3 c5 4. c3 Nc6 5. Nd2 cxd4 6. exd4 g6 7. Ngf3 Bg7 8. h3 0-0 9. Bd3 Nd7 10. 0-0 e5 11. dxe5 Ndxe5 12. Nxe5 Nxe5 13. Nf3 Nxf3+ 14. Qxf3 Be6 15. Rfe1 Qb6 16. Qe2 Rfe8 17. Qc2 d4 18. c4 Qc5 19. Re2 Rac8 20. Rae1 Red8 21. Qa4 Bd7 22. Qb3 Bf5 23. Re7 Bxd3 24. Qxd3 Bf6 25. Rxb7 Qxc4 26. Qxc4 Rxc4 27. Rxa7 d3 28. Bd2 Rc2 29. Rd1 Rxb2 30. Ra3 Be7 31. Ra7 Bc5 32. Rc7 Bb6 33. Rc6 Re8 34. Kf1 Rxd2 35. Rxd2 Ba5 36. Rd1 d2 0-1

[Event "Alesund Grand Prix A"]
[Site "Alesund"]
[Date "2018.04.07"]
[Round "4"]
[White "Gaustad, Erlend"]
[Black "Hestholm, Gustav"]
[Result "1-0"]
[WhiteElo "1892"]
[BlackElo "1623"]
[PlyCount "53"]
[EventDate "2018.04.07"]
[EventType "swiss"]
[EventRounds "6"]
[EventCountry "NOR"]
[SourceTitle "EXT 2024"]
[Source "ChessBase"]
[SourceDate "2023.10.10"]
[SourceVersion "1"]
[SourceVersionDate "2023.10.10"]
[SourceQuality "1"]

1. d4 Nf6 2. Bf4 c5 3. d5 d6 4. Nc3 Qb6 5. Qd2 g6 6. e4 Bg7 7. Bb5+ Bd7 8. Bxd7+ Nbxd7 9. Nge2 0-0 10. 0-0 Nh5 11. Be3 Ne5 12. b3 Ng4 13. Bg5 Bf6 14. Bxf6 Ngxf6 15. Kh1 Qc7 16. Rae1 a6 17. a4 Rfb8 18. Nf4 b5 19. Nxh5 Nxh5 20. axb5 axb5 21. f4 c4 22. b4 Qd7 23. e5 dxe5 24. fxe5 Ng7 25. Ne4 Ne8 26. Rxf7 Ra7 27. Qh6 1-0